[Event "DEN-ch Seniors"]
[Site "Aalborg"]
[Date "2023.02.19"]
[Round "7"]
[White "Norgaard, Poul Erik"]
[Black "Christiansen, Arne"]
[Result "1/2-1/2"]
[WhiteElo "1981"]
[BlackElo "1957"]
[PlyCount "24"]
[EventDate "2023.02.19"]
[EventType "swiss"]
[EventRounds "7"]
[EventCountry "DEN"]
[SourceTitle "CBM 213 Extra"]
[Source "ChessBase"]
[SourceDate "2023.05.31"]
[SourceVersion "1"]
[SourceVersionDate "2023.05.31"]
[SourceQuality "1"]

1. e4 e5 2. Bc4 Nf6 3. d3 Nc6 4. Nf3 Be7 5. 0-0 0-0 6. c3 d6 7. Re1 a6 8. Bb3 Na5 9. Bc2 c5 10. Nbd2 b5 11. Nf1 Qc7 12. Bg5 Be6 1/2-1/2

[Event "WchT Seniors 65"]
[Site "Prague"]
[Date "2020.03.07"]
[Round "2.14"]
[White "Ewart, Brian R"]
[Black "Christiansen, Arne"]
[Result "1/2-1/2"]
[WhiteElo "1867"]
[BlackElo "2016"]
[PlyCount "56"]
[EventDate "2020.03.06"]
[EventType "team-swiss"]
[EventRounds "7"]
[EventCountry "CZE"]
[SourceTitle "CBM 195 Extra"]
[Source "ChessBase"]
[SourceDate "2020.05.31"]
[SourceVersion "1"]
[SourceVersionDate "2020.05.31"]
[SourceQuality "1"]
[WhiteTeam "England 65 II"]
[BlackTeam "Denmark 65"]
[WhiteTeamCountry "ENG"]
[BlackTeamCountry "DEN"]

1. d4 Nf6 2. c4 e6 3. g3 d5 4. Bg2 Be7 5. Nf3 0-0 6. 0-0 Nbd7 7. b3 c5 8. cxd5 exd5 9. Nc3 cxd4 10. Nxd4 Nc5 11. Bf4 a6 12. Qc2 Ne6 13. Rad1 Bb4 14. Be5 Qa5 15. Nf5 d4 16. Bxf6 dxc3 17. Rd5 Qb6 18. Ne7+ Bxe7 19. Bxe7 Re8 20. Ba3 Nd4 21. Qd3 Nxe2+ 22. Kh1 c2 23. Qxc2 Nd4 24. Qd3 Nc6 25. Rh5 h6 26. Bb2 Be6 27. Qc3 f6 28. f4 Rad8 1/2-1/2

[Event "DEN-ch Seniors 65"]
[Site "Logumkloster"]
[Date "2020.02.14"]
[Round "6"]
[White "Christiansen, Arne"]
[Black "Gjelstrup, Ole"]
[Result "1-0"]
[WhiteElo "2000"]
[BlackElo "1516"]
[PlyCount "71"]
[EventDate "2020.02.09"]
[EventType "swiss"]
[EventRounds "7"]
[EventCountry "DEN"]
[SourceTitle "EXT 2021"]
[Source "ChessBase"]
[SourceDate "2020.10.23"]
[SourceVersion "1"]
[SourceVersionDate "2020.10.23"]
[SourceQuality "1"]

1. d4 d5 2. c4 e6 3. Nc3 c5 4. e3 Nf6 5. Nf3 Nc6 6. Bd3 b6 7. 0-0 Bb7 8. cxd5 exd5 9. b3 Be7 10. Bb2 0-0 11. Rc1 Re8 12. Re1 Rc8 13. Bf5 Rb8 14. Qd2 Bc8 15. Bxc8 Rxc8 16. dxc5 Ne4 17. Qxd5 Bxc5 18. Qxd8 Rcxd8 19. Nxe4 Rxe4 20. Red1 Rde8 21. Kf1 h6 22. Rd7 R4e7 23. Rxe7 Nxe7 24. Rd1 Nf5 25. Rd7 a5 26. Nd4 Nd6 27. Ke2 Kf8 28. Kd3 Re7 29. Rxe7 Kxe7 30. Nc6+ Kf8 31. Bd4 Bxd4 32. Kxd4 Ke8 33. a4 Kd7 34. Ne5+ Ke6 35. Nc4 g6 36. Nxb6 1-0

[Event "Helsingor Xtracon op"]
[Site "Helsingor"]
[Date "2019.07.23"]
[Round "5"]
[White "Christiansen, Arne"]
[Black "Weber, Samuel"]
[Result "0-1"]
[WhiteElo "2011"]
[BlackElo "2203"]
[PlyCount "162"]
[EventDate "2019.07.20"]
[EventType "swiss"]
[EventRounds "10"]
[EventCountry "DEN"]
[SourceTitle "CBM 191 Extra"]
[Source "ChessBase"]
[SourceDate "2019.09.30"]
[SourceVersion "1"]
[SourceVersionDate "2019.09.30"]
[SourceQuality "1"]

1. d4 Nf6 2. c4 e6 3. Nf3 c5 4. d5 b5 5. e3 b4 6. Bd3 d6 7. e4 Be7 8. 0-0 e5 9. Nbd2 Nbd7 10. Re1 Nh5 11. Nf1 Bf6 12. Ng3 g6 13. Nxh5 gxh5 14. Be3 Rg8 15. a3 bxa3 16. Rxa3 a6 17. Qa4 Rb8 18. Rb3 Rxb3 19. Qxb3 Nf8 20. Qa4+ Qd7 21. Ra1 h4 22. Qxd7+ Nxd7 23. h3 Nb6 24. Kf1 Bd8 25. Bd2 Kd7 26. b4 f5 27. exf5 Bf6 28. Re1 Na4 29. Bc2 Nb2 30. bxc5 dxc5 31. Bc3 Nxc4 32. Bd3 e4 33. Rxe4 Bxc3 34. Rxc4 Bf6 35. Rxc5 Bb7 36. Nd2 Be7 37. Rc2 Bxd5 38. Be4 Bxe4 39. Nxe4 Ra8 40. f6 Bb4 41. Nc5+ Ke8 42. Nxa6 Rxa6 43. Rc4 Bd2 44. Rc8+ Kf7 45. Rc7+ Kxf6 46. Rxh7 Ra1+ 47. Ke2 Ra2 48. Kf1 Bg5 49. Rb7 Bf4 50. Rb6+ Kf5 51. Rb5+ Ke4 52. Rb4+ Kd3 53. g3 Bg5 54. gxh4 Be7 55. Rf4 Bd6 56. Rf7 Ke4 57. Kg2 Ra8 58. Rg7 Rh8 59. Rg4+ Bf4 60. Rg7 Rxh4 61. Rg8 Rh5 62. Rg7 Rf5 63. Rg4 Kd3 64. Rg8 Be5 65. Ra8 Bd4 66. Ra2 Ke4 67. Re2+ Kf4 68. h4 Be5 69. Ra2 Kg4 70. Ra4+ Bf4 71. Ra8 Be5 72. Ra5 Rh5 73. f3+ Kf5 74. Ra4 Rh8 75. Rg4 Bf4 76. Kh3 Rb8 77. Rg7 Be5 78. Rf7+ Bf6 79. Ra7 Rb3 80. Kg3 Be5+ 81. Kf2 Bd4+ 0-1

[Event "Helsingor Xtracon op"]
[Site "Helsingor"]
[Date "2019.07.21"]
[Round "2"]
[White "Kucuksari, Kaan"]
[Black "Christiansen, Arne"]
[Result "1-0"]
[WhiteElo "2310"]
[BlackElo "2011"]
[PlyCount "85"]
[EventDate "2019.07.20"]
[EventType "swiss"]
[EventRounds "10"]
[EventCountry "DEN"]
[SourceTitle "CBM 191 Extra"]
[Source "ChessBase"]
[SourceDate "2019.09.30"]
[SourceVersion "1"]
[SourceVersionDate "2019.09.30"]
[SourceQuality "1"]

1. d4 Nf6 2. Nf3 g6 3. c4 Bg7 4. Nc3 0-0 5. e4 d6 6. h3 c5 7. d5 e6 8. Bd3 exd5 9. exd5 Re8+ 10. Be3 Nbd7 11. 0-0 a6 12. Qd2 Qc7 13. Rfe1 Ne5 14. Nxe5 Rxe5 15. Bg5 Rxe1+ 16. Rxe1 Bd7 17. Qf4 Re8 18. Rb1 Nh5 19. Qf3 f5 20. Ne2 b5 21. g4 fxg4 22. hxg4 Rf8 23. Qg2 Nf6 24. f3 b4 25. Qg3 Ne8 26. Kg2 Bf6 27. Bf4 Bc8 28. b3 Rf7 29. Rh1 Qe7 30. Qh2 a5 31. Bd2 Be5 32. Qh3 Qf6 33. f4 Bb2 34. Qf3 Qg7 35. Ng3 Bc3 36. Be3 Bd4 37. Re1 Bxe3 38. Qxe3 Bd7 39. f5 gxf5 40. Bxf5 Bxf5 41. gxf5 Nf6 42. Qf4 Re7 43. Re6 1-0

[Event "Helsingor Xtracon op"]
[Site "Helsingor"]
[Date "2018.07.23"]
[Round "4"]
[White "Christiansen, Arne"]
[Black "Heimisson, Hilmir Freyr"]
[Result "0-1"]
[WhiteElo "2032"]
[BlackElo "2241"]
[PlyCount "92"]
[EventDate "2018.07.21"]
[EventType "swiss"]
[EventRounds "10"]
[EventCountry "DEN"]
[SourceTitle "CBM 185 Extra"]
[Source "ChessBase"]
[SourceDate "2018.07.29"]
[SourceVersion "1"]
[SourceVersionDate "2018.07.29"]
[SourceQuality "1"]

1. d4 Nf6 2. Nf3 c5 3. d5 e6 4. c4 b5 5. Bg5 h6 6. Bxf6 Qxf6 7. Qd2 exd5 8. cxd5 d6 9. e4 a6 10. Be2 Be7 11. 0-0 0-0 12. Re1 Bg4 13. Nc3 Bxf3 14. Bxf3 Nd7 15. a4 bxa4 16. Rxa4 Nb6 17. Ra2 Qe5 18. Rea1 Rab8 19. Qe2 Bf6 20. Rxa6 Qd4 21. R6a2 Qb4 22. Nd1 Rfe8 23. Ne3 g6 24. g3 Qb3 25. Qd1 Nd7 26. Qxb3 Rxb3 27. Kg2 Nb6 28. Bd1 Rb4 29. f3 Rd4 30. Be2 Rd2 31. Kf1 Bd4 32. Ra6 Rxb2 33. Nd1 Rb4 34. Rc1 Rb3 35. Ra2 Rb8 36. Rac2 Na4 37. Bc4 Rxf3+ 38. Kg2 Ra3 39. Nf2 Re3 40. Re2 Rxe2 41. Bxe2 Rb2 42. Kf3 Nc3 43. Re1 Nxe2 44. Rxe2 Rxe2 45. Kxe2 Bxf2 46. Kxf2 Kg7 0-1

[Event "Helsingor Xtracon op"]
[Site "Helsingor"]
[Date "2018.07.22"]
[Round "2"]
[White "Mikalsen, Erlend"]
[Black "Christiansen, Arne"]
[Result "1-0"]
[WhiteElo "2292"]
[BlackElo "2032"]
[PlyCount "45"]
[EventDate "2018.07.21"]
[EventType "swiss"]
[EventRounds "10"]
[EventCountry "DEN"]
[SourceTitle "CBM 185 Extra"]
[Source "ChessBase"]
[SourceDate "2018.07.29"]
[SourceVersion "1"]
[SourceVersionDate "2018.07.29"]
[SourceQuality "1"]

1. e4 e5 2. Nc3 Bc5 3. f4 d6 4. Nf3 Nc6 5. Bc4 Nf6 6. d3 0-0 7. f5 Na5 8. Qe2 c6 9. Bg5 Nxc4 10. dxc4 Bb4 11. 0-0-0 Bxc3 12. bxc3 Qe7 13. g4 b6 14. Bh4 d5 15. Bxf6 gxf6 16. Kb2 Ba6 17. Qe3 Bxc4 18. Qh6 Rfd8 19. g5 Rd6 20. gxf6 Qxf6 21. Rhg1+ Kh8 22. Ng5 Qxh6 23. Nxf7# 1-0

[Event "Helsingor Xtracon op"]
[Site "Helsingor"]
[Date "2017.07.25"]
[Round "5"]
[White "Christiansen, Arne"]
[Black "Stojanovski, Sandi"]
[Result "0-1"]
[WhiteElo "2040"]
[BlackElo "2268"]
[PlyCount "62"]
[EventDate "2017.07.22"]
[EventType "swiss"]
[EventRounds "10"]
[EventCountry "DEN"]
[SourceTitle "CBM 179 Extra"]
[Source "ChessBase"]
[SourceDate "2017.08.23"]
[SourceVersion "1"]
[SourceVersionDate "2017.08.23"]
[SourceQuality "1"]

1. d4 d5 2. c4 e6 3. Nc3 Bb4 4. Nf3 Nf6 5. e3 0-0 6. Bd3 c5 7. cxd5 exd5 8. 0-0 Nc6 9. dxc5 Bxc5 10. h3 Qe7 11. b3 Rd8 12. Bb2 Ne4 13. Qe2 Rd6 14. Rad1 Bf5 15. Bb1 Rad8 16. Nd4 Nxc3 17. Bxc3 Bxd4 18. Bxd4 Bxb1 19. Bc5 Bg6 20. Bxd6 Qxd6 21. Qb5 Rd7 22. Rfe1 a6 23. Qb6 h6 24. Rd2 Qf6 25. Qc5 Qg5 26. Kh1 Kh7 27. Red1 Ne7 28. b4 Qe5 29. a4 Rc7 30. Qb6 Qc3 31. b5 Bc2 0-1

[Event "Wch Seniors 50 26th"]
[Site "Marianske Lazne"]
[Date "2016.11.27"]
[Round "8"]
[White "Christiansen, Arne"]
[Black "Tiedt, Gunter"]
[Result "1/2-1/2"]
[WhiteElo "2133"]
[BlackElo "2020"]
[PlyCount "31"]
[EventDate "2016.11.19"]
[EventType "swiss"]
[EventRounds "11"]
[EventCountry "CZE"]
[SourceTitle "CBM 175 Extra"]
[Source "ChessBase"]
[SourceDate "2016.12.12"]
[SourceVersion "1"]
[SourceVersionDate "2016.12.12"]
[SourceQuality "1"]

1. d4 d5 2. c4 e6 3. Nc3 Nf6 4. cxd5 exd5 5. Bg5 Be7 6. e3 c6 7. Nf3 Bf5 8. Bd3 Bxd3 9. Qxd3 Nbd7 10. 0-0 0-0 11. Bxf6 Bxf6 12. Rac1 Be7 13. Ne2 Bd6 14. Ng3 Bxg3 15. hxg3 Nf6 16. b4 1/2-1/2

[Event "Wch Seniors 50 26th"]
[Site "Marianske Lazne"]
[Date "2016.11.22"]
[Round "4"]
[White "Christiansen, Arne"]
[Black "Vieira, Alexandre Letizio"]
[Result "0-1"]
[WhiteElo "2133"]
[BlackElo "1835"]
[PlyCount "88"]
[EventDate "2016.11.19"]
[EventType "swiss"]
[EventRounds "11"]
[EventCountry "CZE"]
[SourceTitle "CBM 175 Extra"]
[Source "ChessBase"]
[SourceDate "2016.12.12"]
[SourceVersion "1"]
[SourceVersionDate "2016.12.12"]
[SourceQuality "1"]

1. d4 f5 2. c4 e6 3. Nf3 Nf6 4. Nc3 c6 5. g3 d5 6. Bg2 Bd6 7. b3 0-0 8. 0-0 Qe7 9. Bb2 a5 10. Qd2 Nbd7 11. e3 b6 12. cxd5 exd5 13. Rfe1 Ne4 14. Qc2 Bb7 15. Nd2 Kh8 16. Ndxe4 fxe4 17. Rad1 Qf7 18. Rd2 b5 19. Rc1 Rae8 20. Qd1 Re6 21. Qe1 h5 22. Ne2 h4 23. Nf4 Rh6 24. Qe2 hxg3 25. fxg3 Bxf4 26. exf4 Qf5 27. a3 Qh7 28. Bf1 Rg6 29. Qg2 Rxf4 30. gxf4 Rxg2+ 31. Bxg2 Qh4 32. Rf2 b4 33. axb4 axb4 34. Re1 Nf6 35. Re3 Qg4 36. Re1 Ba6 37. Bc1 Kg8 38. Bd2 Qh4 39. h3 Nh5 40. f5 Qg3 41. Re3 Qd6 42. Re1 Bb5 43. Bc1 Qf6 44. Rb2 Ng3 0-1